Modeling Influential Extrinsic Factors of Mastitis in Cows: (Record no. 590128)
[ view plain ]
| 000 -LEADER | |
|---|---|
| fixed length control field | 00429nam a22001457a 4500 |
| 020 ## - INTERNATIONAL STANDARD BOOK NUMBER | |
| Qualifying information | Hard Binding. |
| 040 ## - CATALOGING SOURCE | |
| Transcribing agency | SINES-NUST, |
| 082 ## - DEWEY DECIMAL CLASSIFICATION NUMBER | |
| Classification number | 570.2 |
| Author Mark | ZEB |
| 100 ## - MAIN ENTRY--PERSONAL NAME | |
| Personal name | Momina Zeb. |
| 9 (RLIN) | 92017 |
| 245 ## - TITLE STATEMENT | |
| Title | Modeling Influential Extrinsic Factors of Mastitis in Cows: |
| Remainder of title | A Case Study / |
| Statement of responsibility, etc. | Zeb, Momina |
| 260 ## - PUBLICATION, DISTRIBUTION, ETC. | |
| Place of publication, distribution, etc. | Islamabad: |
| Name of publisher, distributor, etc. | SINES-NUST, |
| Date of publication, distribution, etc. | 2022. |
| 300 ## - PHYSICAL DESCRIPTION | |
| Extent | 61 p. : |
| Other physical details | ill. ; |
| Dimensions | 30cm. |
| 650 ## - SUBJECT ADDED ENTRY--TOPICAL TERM | |
| Source of heading or term | MS-Bio-Informatics. |
| 942 ## - ADDED ENTRY ELEMENTS (KOHA) | |
| Source of classification or shelving scheme | |
| Koha item type | Thesis |
| Withdrawn status | Lost status | Source of classification or shelving scheme | Damaged status | Not for loan | Permanent Location | Current Location | Shelving location | Date acquired | Total Checkouts | Full call number | Barcode | Date last seen | Price effective from | Koha item type |
|---|---|---|---|---|---|---|---|---|---|---|---|---|---|---|
| School of Interdisciplinary Engineering and Sciences (SINES) | School of Interdisciplinary Engineering and Sciences (SINES) | Thesis | 06/07/2022 | 570.2 ZEB | RCMS003328 | 06/07/2022 | 06/07/2022 | Reference |
